000 01217nam a2200253Ia 4500
999 _c42043
_d42043
001 8733
003 GE_BSU
005 20240528115648.0
008 181216s1966||||ge |||||||||||||| ||geo||
040 _cGE_BSU
041 _ageo
080 _a821.353.1(092) ბ–25
100 _aბარამიძე, ალ.
_94433
245 _aშოთა რუსთაველი და მისი პოემა=Шота Руставели и его поэма /
_cალ. ბარამიძე ; რედაქტორი ც. კახაბრიშვილი ; საქართველოს სსრ მეცნიერებათა აკდემია.
264 _aთბილისი :
_bმეცნიერება,
_c1966.
300 _a527გვ. ;
_c22 სმ.
300 _eპირთა საძიებ.გვ.516
500 _aპირთა საძიებ. გვ.516
541 _h10ლ.
653 _aШота Руставели и его поэма
653 _aშოთა რუსთაველი და მისი პოემა
700 _aკახაბრიშვილი, ც.
_eრედაქტორი
_918648
942 _cBK
_2udc